00674nam a22001697a 4500003000400000005001700004008004100021040001800062100003600080245017100116260002300287650006300310650002500373650003700398700003200435856003700467OSt20240903150250.0240903b ||||| |||| 00| 0 eng d cAIMIT LIBRARY aKamaruddin, Mariyambi.e2216098 aImpact of human resource management practice on organizational performance:trignet software pvt ltd Bangalore /cBy Mariyambi Kamaruddin ; Guided by Steevan Dsouza N. aBangalore ;c2024. aIndustry profile company profile and introduction to study aResearch methodology aData analysis and interpretation aDsouza N, Steevan D.eGuide 3Trigent software private limited